| 000 | 00912nam a2200253Ia 4500 | ||
|---|---|---|---|
| 005 | 20250622124034.0 | ||
| 008 | 250617s9999||||xx |||||||||||||| ||ara|| | ||
| 017 |
_a2017/2945 _bمصر. دار الكتب |
||
| 020 | _a9789774262425 | ||
| 082 | 0 | 4 |
_a158 _bأ ر |
| 100 | 0 | _aأحمد هارون | |
| 245 | 1 | 0 |
_aروشتة نجاح : _bخطوات عملية لنجاح حياتك الشخصية والاجتماعية / _cأحمد هارون |
| 250 | _aط1 | ||
| 260 | 3 |
_aالقاهرة : _b"دار الراية للنشر والتوزيع،" _cد.ت. |
|
| 300 |
_a238ص : _bإيض ؛ _c21سم. |
||
| 650 | _aالرضا عن النفس | ||
| 650 | _aالعلاقات الإنسانية | ||
| 650 | _aالنجاح | ||
| 650 | _aتحقيق الذات | ||
| 650 | _aعلم النفس الاجتماعى | ||
| 650 | _aعلم النفس التطبيقى | ||
| 942 | _cBK | ||
| 999 |
_c67622 _d67622 |
||